| 000 | 00523nam a22002057a 4500 | ||
|---|---|---|---|
| 003 | OSt | ||
| 005 | 20151024141049.0 | ||
| 008 | 151024b xxu||||| |||| 00| 0 eng d | ||
| 020 | _a9780340914755 | ||
| 040 | _cDDC | ||
| 082 | _a150 KEE 2009 | ||
| 100 |
_aKeegan, Gerard _95899 |
||
| 245 | _aHigher psychology | ||
| 250 | _a2nd ed. | ||
| 260 |
_aUK; _bHodder Gibson, _c2009 |
||
| 300 |
_aiv,420p; _bcol.ill: _c27.5cm |
||
| 504 | _aGlossary, references, & index included | ||
| 650 |
_aPsychology _931 |
||
| 942 |
_2z _cO_SHELF |
||
| 999 |
_c2355 _d2355 |
||